TV Shows by Synonyms - Statistics

General Stats
  • This quiz has been taken 200 times
  • The average score is 4 of 13
Answer Stats
Hint Answer % Correct
Large bump thesis The Big Bang Theory
69%
Dart Arrow
67%
Sport of seats Game of Thrones
52%
Character of concern Person of Interest
38%
The psychic The Mentalist
38%
Awesome marathon Amazing Race
33%
Clan man Family Guy
25%
The next day crowd The Tomorrow People
24%
The hit list The Blacklist
21%
Society Community
20%
Operatives of the safeguard Agents of S.H.I.E.L.D
16%
Impolite cylinder Rude Tube
16%
Dirt carpet Ground Floor
1%
No matching quizzes found
Score Distribution
Percent of People with Each Score
Percentile by Number Answered
Your Score History
You have not taken this quiz